000 00354cam a2200145ua 4500
041 _aeng
_h
082 _a828.09
_bTRI/LI
100 _aTrilling, Lionel .
245 _aLiberal Imagination /
_cLionel Trilling.
_hTextual Documents
260 _aLondon :
_bMercury books ,
_c1963.
300 _a303 ; .
504 _a
942 _cBK
999 _c840
_d840